AH International Schools' Libraries

Who's hiding in Princess World? (Record no. 15298)

MARC details
000 -LEADER
fixed length control field 00751aam a2200265 a 4500
001 - CONTROL NUMBER
control field 015801358
003 - CONTROL NUMBER IDENTIFIER
control field Uk
005 - DATE AND TIME OF LATEST TRANSACTION
control field 20180125121145.0
008 - FIXED-LENGTH DATA ELEMENTS--GENERAL INFORMATION
fixed length control field 110613s2011 enka j |000 0|eng c
015 ## - NATIONAL BIBLIOGRAPHY NUMBER
National bibliography number GBB174377
Source bnb
016 7# - NATIONAL BIBLIOGRAPHIC AGENCY CONTROL NUMBER
Record control number 015801358
Source Uk
020 ## - INTERNATIONAL STANDARD BOOK NUMBER
International Standard Book Number 9780857344892
035 ## - SYSTEM CONTROL NUMBER
System control number (WlAbNL)vtls006115246
038 ## - RECORD CONTENT LICENSOR
Record content licensor UkLCURL
040 ## - CATALOGING SOURCE
Original cataloging agency WlAbNL
Language of cataloging eng
Transcribing agency WlAbNL
Modifying agency WlAbNL
-- Uk
042 ## - AUTHENTICATION CODE
Authentication code ukscp
082 04 - DEWEY DECIMAL CLASSIFICATION NUMBER
Classification number 793.73
Edition number 23
245 00 - TITLE STATEMENT
Title Who's hiding in Princess World?
260 ## - PUBLICATION, DISTRIBUTION, ETC. (IMPRINT)
Place of publication, distribution, etc Sywell :
Name of publisher, distributor, etc Igloo Books,
Date of publication, distribution, etc 2011.
300 ## - PHYSICAL DESCRIPTION
Extent [24] p. :
Other physical details col. ill. ;
Dimensions 26 cm.
650 #0 - SUBJECT ADDED ENTRY--TOPICAL TERM
Topical term or geographic name as entry element Picture puzzles
Form subdivision Juvenile literature.
9 (RLIN) 54215
942 ## - ADDED ENTRY ELEMENTS (KOHA)
Source of classification or shelving scheme
Holdings
Withdrawn status Lost status Source of classification or shelving scheme Damaged status Not for loan Home library Current library Date acquired Total Checkouts Full call number Barcode Date last seen Date last borrowed Price effective from Koha item type
          Logos International School Logos International School 03/03/2025 3 J 793.73 IGL 040454 04/03/2025 03/27/2025 03/03/2025 Book

For any Logos Library related questions please contact Miss Art at swongnarasuk@asianhope.org.

For any Asian Hope Library related questions please contact Miss Raza at graza@asianhope.org.

Powered by Koha